Hindu Holidays and cermonials / (Record no. 54066)

MARC details
000 -LEADER
fixed length control field 00953nam a22002297a 4500
005 - DATE AND TIME OF LATEST TRANSACTION
control field 20110719172543.0
010 ## - LCCN (DPL NO)
LC control number B-430656
020 ## - INTERNATIONAL STANDARD BOOK NUMBER
International Standard Book Number 8177691430
Terms of availability 200.00
020 ## - INTERNATIONAL STANDARD BOOK NUMBER
International Standard Book Number 9798177691435
Terms of availability 200.00
035 ## - SYSTEM CONTROL NUMBER
System control number B-430656
037 ## - SOURCE OF ACQUISITION
Source of stock number/acquisition Allied Publishers
082 ## - DEWEY DECIMAL CLASSIFICATION NUMBER
Classification number 394.26
100 ## - MAIN ENTRY--PERSONAL NAME
Personal name Gupte, Rai Bahadur B.A.
245 ## - TITLE STATEMENT
Title Hindu Holidays and cermonials /
Statement of responsibility, etc by Rai Bahadur B.A. Gupte
260 ## - PUBLICATION, DISTRIBUTION, ETC. (IMPRINT)
Place of publication, distribution, etc Varanasi
Name of publisher, distributor, etc Pilgrims Publishing
Date of publication, distribution, etc 2006
270 ## - ADDRESS
Address B27/98, A-8, Nawabganj Road, Durga Kund,
City Varanasi
Postal code 91-542-2314060
300 ## - PHYSICAL DESCRIPTION
Extent 259p.
Dimensions 21cm(pbk)
710 ## - ADDED ENTRY--CORPORATE NAME
9 (RLIN) 29663
942 ## - ADDED ENTRY ELEMENTS (KOHA)
Institution code [OBSOLETE] dpl
Item type English Books
Source of classification or shelving scheme Dewey Decimal Classification
Call number suffix GUP
Classification part 394.26
Holdings
Withdrawn status Lost status Not for loan Collection code Home library Current library Date acquired Source of acquisition Cost, normal purchase price Full call number Barcode Copy number Cost, replacement price Koha item type
      Non-fiction Central Library Central Library 27/07/2011 Allied Publishers/CR/0002946/28.3.11/282/14.3.11/31.3.11 200.00 394.26 GUP B-430656 1 200.00 English Books

© Delhi Public Library
Hit Counter
free hit counter